000 00901nam a2200301Ia 4500
003 OSt
005 20221007120949.0
006 a|||||r|||| 00| 0
007 ta
008 221006b |||||||| |||| 00| 0 eng d
020 _a9788131200032 (pbk)
_c495
024 _a83074
037 _b276, 02/02/2009, Dhanraj Book House
_cTextbook
040 _aBDL
_cBDL
_beng
041 _2eng
_aeng
082 _aI:(E9G), P5;2 Carb
100 _aHeldt Hans-Walter
245 0 _aPlant biochemistry
250 _a3
260 _aCalifornia
_bAcademic Press
_c2005
300 _axxvi, 630p.
_ccm.
500 _aIncludes bibliographical references.; Index 595-630p.
650 _a Biochemistry
650 _a Biology
650 _aChemistry
942 _hI:(E9G), P5;2 Carb
_cTB
_2CC
999 _c1208241
_d1208241